| 000 | 00709nam a2200205Ia 4500 | ||
|---|---|---|---|
| 003 | GCL | ||
| 008 | 140319s9999 xx 000 0 ara d | ||
| 040 |
_aGCL / _cGCL |
||
| 082 | 0 | 4 |
_a616.21 _bم ا |
| 100 | 1 | _aمحمد عثمان الكحكى | |
| 245 | 1 | 0 |
_aامراض الاذن والانف والحنجرة كيف نواجهها ؟ / _cمحمد عثمان الكحكى |
| 250 | _aالاولى | ||
| 260 |
_aالقاهرة : _bمركز الاهرام للترجمة والنشر ، _c1999 |
||
| 300 |
_a119 ص ؛ _c16 سم |
||
| 490 |
_aاعرف صحتك _v22 |
||
| 650 | 0 | 4 | _aالحنجرة - امراض |
| 650 | 0 | 4 | _aالانف - امراض |
| 650 | 0 | 4 | _aالاذن - امراض |
| 942 |
_2ddc _cBK |
||
| 999 |
_c32847 _d32847 |
||